LEADER 02385nam 22005895u 450 001 9910157470803321 005 20211006144745.0 010 $a9783318035230 010 $a3318035238 035 $a(CKB)3780000000101109 035 $a(OCoLC)1046113069 035 $a(SZ-BaSKA)221096 035 $a(PPN)231201230 035 $a(MiAaPQ)EBC31867012 035 $a(Au-PeEL)EBL31867012 035 $a(EXLCZ)993780000000101109 100 $a20211006d1986 uy 0 101 0 $aeng 135 $aurunu||||| 181 $ctxt$2rdacontent 182 $cc$2rdamedia 183 $acr$2rdacarrier 200 10$aAlbumin and the Systemic Circulation : $eInternational Albumin Workshop, Grindelwald, March 1986 / $f editors, B. Blauhut, P. Lundsgaard-Hansen 205 $a1st ed. 210 $aBasel : $cS. Karger, $d1986 215 $a1 online resource (XIV + 234 pages) : $c 50 figures, 20 tables 225 1 $aIssn Series 311 08$a9783805543675 311 08$a3805543670 327 $a978-3-8055-4367-5_Cover -- 978-3-8055-4367-5_00I -- 978-3-8055-4367-5_001 -- 978-3-8055-4367-5_018 -- 978-3-8055-4367-5_033 -- 978-3-8055-4367-5_036 -- 978-3-8055-4367-5_053 -- 978-3-8055-4367-5_064 -- 978-3-8055-4367-5_067 -- 978-3-8055-4367-5_083 -- 978-3-8055-4367-5_086 -- 978-3-8055-4367-5_099 -- 978-3-8055-4367-5_101 -- 978-3-8055-4367-5_112 -- 978-3-8055-4367-5_114 -- 978-3-8055-4367-5_122 -- 978-3-8055-4367-5_125 -- 978-3-8055-4367-5_133 -- 978-3-8055-4367-5_143 -- 978-3-8055-4367-5_145 -- 978-3-8055-4367-5_155 -- 978-3-8055-4367-5_177 -- 978-3-8055-4367-5_180 -- 978-3-8055-4367-5_186 -- 978-3-8055-4367-5_199 -- 978-3-8055-4367-5_203 -- 978-3-8055-4367-5_210 -- 978-3-8055-4367-5_216 -- 978-3-8055-4367-5_223. 410 0$aIssn Series 606 $aHematology 606 $aAnesthesiology 606 $aInfusion Therapy 606 $aIntensive Care 606 $aSurgery 606 $aTransfusion Medicine 606 $aTraumatology 615 14$aHematology 615 14$aAnesthesiology 615 24$aInfusion Therapy 615 24$aIntensive Care 615 24$aSurgery 615 24$aTransfusion Medicine 615 24$aTraumatology 700 $aBlauhut$b B$01216489 801 0$bUKSKG 801 1$bUKSKG 906 $aBOOK 912 $a9910157470803321 996 $aAlbumin and the Systemic Circulation$92812342 997 $aUNINA LEADER 04909nam 2201165z- 450 001 9910557611603321 005 20220321 035 $a(CKB)5400000000045286 035 $a(oapen)https://directory.doabooks.org/handle/20.500.12854/79596 035 $a(oapen)doab79596 035 $a(EXLCZ)995400000000045286 100 $a20202203d2022 |y 0 101 0 $aeng 135 $aurmn|---annan 181 $ctxt$2rdacontent 182 $cc$2rdamedia 183 $acr$2rdacarrier 200 00$aRecent Progress in Urbanisation Dynamics Research 210 $aBasel$cMDPI - Multidisciplinary Digital Publishing Institute$d2022 215 $a1 online resource (294 p.) 311 08$a3-0365-3023-1 311 08$a3-0365-3022-3 330 $aThis book is dedicated to urbanization, which is observed every day, as well as the methods and techniques of monitoring and analyzing this phenomenon. In the 21st century, urbanization has gained momentum, and the awareness of the significance and influence of this phenomenon on our lives make us take a closer look at it not only with curiosity, but also great attention. There are numerous reasons for this, among which the economy is of special significance, but it also has many results, namely, economic, social, and environmental. First of all, it is a spatial phenomenon, as all of the aspects can be placed in space. We would therefore like to draw special attention to the results of urbanization seen on the Earth's surface and in the surrounding space. The urbanization-land relation seems obvious, but is also interesting and multi-layered. The development of science and technology provides a lot of new tools for observing urbanization, as well as the analyses and inference of the phenomenon in space. This book is devoted to in-depth analysis of past, present and future urbanization processes all over the world. We present the latest trends of research that use experience in the widely understood geography of the area. This book is focused on multidisciplinary phenomenon, i.e., urbanization, with the use of the satellite and photogrammetric observation technologies and GIS analyses. 606 $aResearch & information: general$2bicssc 610 $aagricultural mechanization 610 $aAHP 610 $aCA-Markov model 610 $acomponents of space 610 $aconcentration 610 $aconcentric-ring analysis 610 $adriving forces 610 $adynamics of urbanisation 610 $afootbridge 610 $afunctions of pedestrian bridges 610 $aGIS tools 610 $aGreat Changsha-Zhuzhou-Xiangtan City Group 610 $agreen innovation 610 $agrid-based analysis 610 $aGuangdong-Hong Kong-Macao Greater Bay Area (GBA) 610 $ahistorical urban layout 610 $ainnovation efficiency 610 $ainnovation value chain 610 $ainvers S curve 610 $aItaly 610 $aland management 610 $aland mismatch 610 $aland use 610 $aland-use change 610 $aland-use conflicts 610 $aLandsat 610 $aLatin America 610 $aleapfrog development 610 $aMediterranean 610 $amegaregion 610 $amethods for mapping 610 $ametropolitan expansion 610 $ametropolitan gradient 610 $amicrosimulation traffic modeling 610 $amulti-criteria analysis 610 $an/a 610 $anetwork structure 610 $aold market square 610 $aper-capita cropland 610 $aper-capita urban area 610 $apopulation 610 $apublic participation 610 $areal estate market 610 $ascattered development 610 $aSDG 11 610 $asensitivity analysis 610 $aSlow City 610 $asmall towns 610 $aspatial analysis 610 $aspatial econometrics 610 $aspatial structure 610 $aspatiotemporal patterns 610 $astakeholders' preferences 610 $asustainable development 610 $asustainable spatial-traffic planning 610 $athe Texas Triangle 610 $aTrabzon 610 $atransport accessibility 610 $aunexpected output SBM model 610 $aurban agglomerations 610 $aurban expansion 610 $aurban sprawl 610 $aurban sustainable development 610 $aurbanisation 610 $aurbanization 615 7$aResearch & information: general 700 $aCies?lak$b Iwona$4edt$01303479 702 $aBi?ozor$b Andrzej$4edt 702 $aSalvati$b Luca$4edt 702 $aCies?lak$b Iwona$4oth 702 $aBi?ozor$b Andrzej$4oth 702 $aSalvati$b Luca$4oth 906 $aBOOK 912 $a9910557611603321 996 $aRecent Progress in Urbanisation Dynamics Research$93027097 997 $aUNINA LEADER 03388oam 2200529I 450 001 9910159448303321 005 20230810001733.0 010 $a1-351-98719-4 010 $a1-315-27214-8 010 $a1-351-98720-8 024 7 $a10.4324/9781315272146 035 $a(CKB)3710000001018913 035 $a(MiAaPQ)EBC4786497 035 $a(OCoLC)970603349 035 $a(BIP)67178600 035 $a(BIP)56540189 035 $a(EXLCZ)993710000001018913 100 $a20180706d2017 uy 0 101 0 $aeng 135 $aurcnu|||||||| 181 $2rdacontent 182 $2rdamedia 183 $2rdacarrier 200 14$aThe age of reformation $ethe Tudor and Stewart realms, 1485-1603 /$fAlec Ryrie 205 $aSecond edition. 210 1$aLondon ;$aNew York :$cRoutledge,$d2017. 215 $a1 online resource (329 pages) $cillustrations, maps 225 1 $aReligion, Politics and Society in Britain 311 08$a1-138-78463-X 311 08$a1-138-78464-8 320 $aIncludes bibliographical references and index. 327 $a1. The world of the parish -- 2. Politics and religion in two kingdoms, 1485-1513 -- 3. The Renaissance -- 4. Renaissance to reformation -- 5. Supreme head : Henry VIII's reformation, 1527-47 -- 6. The English revoltuion, Edward VI, 1547-53 -- 7. Two restorations : Mary and Elizabeth, 1553-60 -- 8. Reformation on the battlefield : Scotland, 1542-73 -- 9. Gaping gulfs : Elizabethan England and the politics of fear -- 10. Reforming the world of the parish -- 11. Reformation and empire. 330 $aThe Age of Reformation charts how religion, politics and social change were always intimately interlinked in the sixteenth century, from the murderous politics of the Tudor court to the building and fragmentation of new religious and social identities in the parishes. In this book, Alec Ryrie provides an authoritative overview of the religious and political reformations of the sixteenth century. This turbulent century saw Protestantism come to England, Scotland and even Ireland, while the Tudor and Stewart monarchs made their authority felt within and beyond their kingdoms more than any of their predecessors. This book demonstrates how this age of reformations produced not only a new religion, but a new politics - absolutist, yet pluralist, populist yet bound by law. This new edition has been fully revised and updated and includes expanded sections on Lollardy and anticlericalism, on Henry VIII's early religious views, on several of the rebellions which convulsed Tudor England and on unofficial religion, ranging from Elizabethan Catholicism to incipient atheism. Drawing on the most recent research, Alec Ryrie explains why these events took the course they did - and why that course was so often an unexpected and unlikely one. It is essential reading for students of early modern British history and the history of the reformation. 410 0$aReligion, politics, and society in Britain series. 606 $aReformation 607 $aGreat Britain$xChurch history 607 $aGreat Britain$xChurch history$y16th century 615 0$aReformation. 676 $a274.1/06 700 $aRyrie$b Alec$0850612 801 0$bMiAaPQ 801 1$bMiAaPQ 801 2$bMiAaPQ 906 $aBOOK 912 $a9910159448303321 996 $aThe age of reformation$91944285 997 $aUNINA